Global jurist
| Previous Title: | Global jurist frontiers Global jurist advances Global jurist topics |
|---|---|
| Format: | Electronic Journal |
| Language: | English |
| Published: |
Berkeley, CA :
Berkeley Electronic Press,
©2007-
Berlin ; Boston : Walter de Gruyter |
| Subjects: | |
| Online Access: | Full text available from Research Library: 01/01/2013 to 6 months ago |
MARC
| LEADER | 00000nas a2200000 a 4500 | ||
|---|---|---|---|
| 001 | ssj0054279 | ||
| 003 | WaSeSS | ||
| 005 | 20200512172242.0 | ||
| 006 | m d | ||
| 007 | cr n | ||
| 008 | 061012c20079999gw x pss 0 a0eng c | ||
| 010 | |a 2006215653 | ||
| 016 | 7 | |a 2655393 4 |2 DE-600 | |
| 022 | |a 1934-2640 |l 1934-2640 |y 2194-5675 | ||
| 035 | |a (WaSeSS)ssj0054279 | ||
| 037 | |b The Berkeley Electronic Press, 2809 Telegraph Ave., Suite #202, Berkeley, CA 94705 | ||
| 040 | |a NSD |b eng |c NSD |d EYM |d NSD |d MUQ |d OCLCQ |d VRC |d DLC |d OCLCQ |d OCLCF |d OCLCO |d DLC |d OCLCQ |d OCLCO |d OCLCQ |d AU@ |d WaSeSS | ||
| 042 | |a pcc |a nsdp | ||
| 050 | 0 | 0 | |a K7 |
| 082 | 1 | 0 | |a 340 |2 14 |
| 222 | 0 | |a Global jurist |b (Online) | |
| 245 | 0 | 0 | |a Global jurist |h [electronic resource]. |
| 260 | |a Berkeley, CA : |b Berkeley Electronic Press, |c ©2007- | ||
| 260 | 3 | |3 2014- : |a Berlin ; |a Boston : |b Walter de Gruyter | |
| 310 | |a Irregular | ||
| 362 | 0 | |a Vol. 7, issue 1, article 1 (2007)- | |
| 500 | |a Title from PDF caption (viewed Jan. 18, 2007). | ||
| 506 | |a License restrictions may limit access. | ||
| 538 | |a Mode of access: World Wide Web. | ||
| 580 | |a Formed by the merger of: Global jurist frontiers, Global jurist advances, and Global jurist topics. | ||
| 588 | |a Latest issue consulted: Vol, 14, issue 1/3 (Aug. 2014) (degruyter.com, viewed Dec. 12, 2014). | ||
| 650 | 0 | |a Comparative law |v Periodicals. | |
| 650 | 0 | |a International law |v Periodicals. | |
| 650 | 0 | |a Law |v Periodicals. | |
| 650 | 6 | |a Droit comparé |v Périodiques. | |
| 650 | 6 | |a Droit international |v Périodiques. | |
| 650 | 6 | |a Droit |v Périodiques. | |
| 650 | 7 | |a Comparative law. |2 fast |0 (OCoLC)fst00871350 | |
| 650 | 7 | |a International law. |2 fast |0 (OCoLC)fst00976984 | |
| 650 | 7 | |a Law. |2 fast |0 (OCoLC)fst00993678 | |
| 655 | 0 | |a Electronic journals. | |
| 776 | 1 | |t Global jurist |x 2194-5675 | |
| 780 | 1 | 4 | |t Global jurist frontiers |x 1535-1653 |w (DLC) 2001213182 |w (OCoLC)46954073 |
| 780 | 1 | 4 | |t Global jurist advances |x 1535-1661 |w (DLC) 2001213183 |w (OCoLC)46954144 |
| 780 | 1 | 4 | |t Global jurist topics |x 1535-167X |w (DLC) 2001213184 |w (OCoLC)46954239 |
| 856 | 4 | 0 | |z Full text available from Research Library: 01/01/2013 to 6 months ago |u https://search.proquest.com/publication/1026418 |